Austin Trivia - Statistics

General Stats
  • This quiz has been taken 305 times
    304 since last reset
  • The average score is 11 of 18
Answer Stats
Question Answer % Correct
Austin is to the north of another major city connected by a corridor on I-35. Which city is it? San Antonio
82%
What famous billionaire made headlines when he moved himself and his company to Austin in 2020? Elon Musk
81%
What upscale grocery store chain started as a natural foods store in Austin? Whole Foods
81%
There is only one major league sport in Austin. What is it? Soccer
79%
A colony of 1.5 million of this animal lives under the Congress Avenue bridge during the summer. What are they? Bats
75%
What country musician recorded "Always On My Mind" and "On The Road Again" and is a major activist for the legalization of marijuana? Willie Nelson
74%
What is the mascot of the University of Texas at Austin? Longhorns
73%
Which U.S. president had previously represented Austin in the House of Representatives? Lyndon B. Johnson
72%
What computer company was founded in Austin and is headquartered in nearby Round Rock? Dell
69%
Who is Austin named for? {Stephen} Austin
68%
What annual film, music, and technology showcase takes place in Austin during March? South by Southwest
66%
What annual music festival takes place in Zilker Park during October? (Hint: it's also a PBS show) Austin City Limits
54%
What county is Austin (mostly) located in? Travis
54%
Who is the Academy Award winning actor that starred in the movie above? Matthew McConaughey
52%
What is the name of the region in central Texas where Austin is located? Hill Country
47%
What 1990's coming-of-age movie follows a group of teenagers in Austin on their last day of high school? Dazed and Confused
45%
What racetrack in Austin is home to the Formula 1 U.S. Grand Prix? Circuit of the Americas
34%
What was the city's original name before becoming Austin? Waterloo
25%
No matching quizzes found
Score Distribution
Percent of People with Each Score
Percentile by Number Answered
Your Score History
You have not taken this quiz since the last reset